• 首页
  • 本馆介绍
  • 公告通知
  • 最新文献
  • 馆藏检索
  • 电子资源
  • 读者导购
  • 参考咨询
  • 我的图书馆
  • 登录
  • 详细信息显示
  • 放入我的书架
  • 预约/预借图书
  • 作者相关作品
  • 分类相关作品
  • 丛书相关作品
  • 出版社相关作品

书目信息

  • 表格格式
  • 工作单格式
  • 卡片格式
题名:
著名不等式
    
 
作者: 徐玉明 著
分册:  
出版信息: 北京   中国物资出版社  1994
页数: 522页
开本: 20cm
丛书名:
单 册:
中图分类: O112.3
科图分类:
主题词: 古典数学
电子资源:
ISBN: 7-5047-0742-2
000 00498nam0 2200181 450
001 0732828906
005 20070903090708.90
010    @a7-5047-0742-2@d¥8.50
100    @a20070903d km y0chiy0120 ea
101 0  @achi
200 1  @a著名不等式@Azhu ming bu deng shi@f徐玉明著@Fxu yu ming zhu
210    @a北京@c中国物资出版社@d1994
215    @a522页@d20cm
606 0  @a古典数学
690    @aO112.3@v3
701  0 @a徐玉明@Axu yu ming@4著
801  0 @aCN@bPFT@c20070903
905    @a213230@dO112.3@eS1@f1
    
    著名不等式/徐玉明著.-北京:中国物资出版社,1994
    522页;20cm
    
    
    ISBN 7-5047-0742-2:¥8.50
    
●
相关链接 在E读中查询图书 在五车中查询图书 在当当中查询图书 在豆瓣中查询图书


正题名:著名不等式     索取号:O112.3/S1         预约/预借

序号 登录号 条形码 馆藏地/架位号 状态 备注
1 6700385   267003850   密集书库-数信学院/ [索取号:O112.3/S1] 在馆    
2 6700386   267003869   密集书库-数信学院/ [索取号:O112.3/S1] 在馆    
3 6700387   267003878   密集书库-数信学院/ [索取号:O112.3/S1] 在馆    
4 6700388   267003887   数信系资料室/ [索取号:O112.3/S1] 在馆    
5 6700389   267003896   密集书库-数信学院/ [索取号:O112.3/S1] 在馆    
6 6700390   267003903   密集书库-数信学院/ [索取号:O112.3/S1] 在馆    
7 6700391   267003912   数信系资料室/ [索取号:O112.3/S1] 在馆    
唐山师范学院图书馆 欢迎您!
大连网信软件有限公司© 版权所有